<?xml version="1.0" encoding="UTF-8"?>
<collection xmlns="http://www.loc.gov/MARC21/slim">
<record>
  <controlfield tag="001">7472</controlfield>
  <controlfield tag="005">20250204104903.0</controlfield>
  <datafield tag="024" ind1="7" ind2=" ">
    <subfield code="a">10.48550/arXiv.2412.05671</subfield>
    <subfield code="2">DOI</subfield>
  </datafield>
  <datafield tag="037" ind1=" " ind2=" ">
    <subfield code="a">BKSECT-2025-0003</subfield>
  </datafield>
  <datafield tag="100" ind1=" " ind2=" ">
    <subfield code="a">Mahy, L</subfield>
  </datafield>
  <datafield tag="245" ind1=" " ind2=" ">
    <subfield code="a">Basic stellar observables</subfield>
  </datafield>
  <datafield tag="260" ind1=" " ind2=" ">
    <subfield code="c">2024</subfield>
  </datafield>
  <datafield tag="520" ind1=" " ind2=" ">
    <subfield code="a">Physical properties of stars such as luminosity, surface temperature, distance, or mass are measured from observations. These physical properties are of paramount importance to understand how stars are born, live, and die in the universe near and far. This chapter discusses the basic concepts used by astronomers to derive key information about stars from the light they emit. We present through a pedagogical approach the methods required for determining stellar brightness (apparent and absolute magnitudes), surface temperature (via black-body radiation and spectral classification), and distance (using parallax and standard candles). We finally review techniques for estimating stellar mass and radius, including the use of binary star systems and stellar evolution models.</subfield>
  </datafield>
  <datafield tag="594" ind1=" " ind2=" ">
    <subfield code="a">NO</subfield>
  </datafield>
  <datafield tag="773" ind1=" " ind2=" ">
    <subfield code="t">Encyclopedia of Astrophysics</subfield>
    <subfield code="b">Ilya Mandel, section editor F.R.N. Schneider</subfield>
    <subfield code="y">Elsevier</subfield>
  </datafield>
  <datafield tag="856" ind1="0" ind2=" ">
    <subfield code="f">laurent.mahy@ksb-orb.be</subfield>
  </datafield>
  <datafield tag="856" ind1="4" ind2=" ">
    <subfield code="s">4779597</subfield>
    <subfield code="u">http://publi2-as.oma.be/record/7472/files/Mahy_Book_2024.pdf</subfield>
  </datafield>
  <datafield tag="856" ind1="4" ind2=" ">
    <subfield code="s">3080</subfield>
    <subfield code="u">http://publi2-as.oma.be/record/7472/files/Mahy_Book_2024.gif?subformat=icon</subfield>
    <subfield code="x">icon</subfield>
  </datafield>
  <datafield tag="856" ind1="4" ind2=" ">
    <subfield code="s">4019</subfield>
    <subfield code="u">http://publi2-as.oma.be/record/7472/files/Mahy_Book_2024.jpg?subformat=icon-180</subfield>
    <subfield code="x">icon-180</subfield>
  </datafield>
  <datafield tag="980" ind1=" " ind2=" ">
    <subfield code="a">BOOKSECT</subfield>
  </datafield>
</record>
</collection>